000 02886cas a2200697 4500
001 11733845
003 OSt
005 20230619103332.0
008 931106c19729999nyuar r 0 a0eng c
010 _a 97651335
_zsc 80001423
016 7 _a1303504
_2DNLM
016 7 _aI28500000
_zI05470000
_2DNLM
022 0 _a0074-6827
_l0074-6827
_21
035 _a(OCoLC)ocm01776268
037 _bR.R. Bowker, 1180 Ave. of the Americas, New York, NY 10036
040 _aMUL
_beng
_cMUL
_dNSD
_dCOO
_dYUS
_dOCL
_dNYG
_dDLC
_dOCL
_dNST
_dNSD
_dRCS
_dOCL
_dNST
_dDLC
_dNST
_dOCL
_dNST
_dHUL
_dNST
_dHUL
_dNSD
_dHUL
_dNST
_dMYG
_dDLC
_dNSD
_dDLC
_dHUL
_dDLC
_dSYS
_dHUL
_dGUA
_dNLM
_dOCLCQ
_dNLGGC
_dLVB
_dDLC
_dVVW
_dOCLCQ
_dOCLCF
_dOCLCO
_dBDX
_dOCLCQ
_dOCLCO
_dAU@
_dOG#
_dWCM
_dOKN
_dCNUTO
_dCSB
_dOCLCQ
_dOCLCA
_dGILDS
_dDLC
_dIUL
042 _apcc
_ansdp
050 0 0 _aZ291.5
_b.I5
050 1 4 _aQ070.5 I
060 0 0 _aZ 282
_bI63
082 1 0 _a070
_211
_bILMP
210 0 _aInt. lit. marketpl.
222 0 _aInternational literary market place
245 0 0 _aInternational literary market place.
246 1 3 _aILMP
_f<1983->
260 _aMedford, NJ,
_bInformation Today, Inc.
300 _avolumes
_c28 cm
310 _aAnnual
336 _atext
_btxt
_2rdacontent
337 _aunmediated
_bn
_2rdamedia
338 _avolume
_bnc
_2rdacarrier
362 0 _a1971/72-
500 _aPublished: New York, Bowker, 1972-
520 _a"Publishers in 160 countries, major booksellers, and libraries ..."
530 _aAlso issued on CD-ROM in: Literary market place on disc.
580 _aAlso available as part of CD-ROM: Library reference plus.
588 1 _a1997.
650 0 _aPublishers and publishing
_vDirectories.
650 6 _aLivres
_xIndustrie
_vRépertoires.
650 6 _aÉdition
_vRépertoires.
650 7 _aPublishers and publishing.
_2fast
_0(OCoLC)fst01083463
650 1 7 _aUitgeverijen.
_2gtt
650 1 7 _aBoekhandel.
_2gtt
650 1 7 _aBoekwezen.
_2gtt
650 2 _aPublishing.
655 4 _aReference sources.
655 7 _aDirectories.
_2fast
_0(OCoLC)fst01423796
655 7 _aDirectories.
_2lcgft
655 2 _aDirectory.
710 2 _aR.R. Bowker Company.
776 1 _tLiterary market place on disc
_w(DLC) 2007202932
_w(OCoLC)40464738
776 0 8 _iOnline version:
_tInternational literary market place
_w(OCoLC)760544452
780 0 0 _tInternational literary market place. European edition
_x0538-8562
_w(DLC) 65028326
_w(OCoLC)988612
787 1 _tLibrary reference plus
_x1067-8166
_w(DLC) 93660518
_w(OCoLC)27313012
906 _a7
_bcbc
_cserials
_du
_encip
_f19
_gn-oclcserc
942 _2ddc
_cBK
999 _c1205
_d1205